[Event "EYCC 2024 - G12"]
[Site "?"]
[Date "2024.08.31"]
[Round "9.10"]
[White "Jordan, Christina"]
[Black "Kusova, Nikola"]
[Result "0-1"]
[BlackElo "1659"]
[WhiteElo "1811"]
[LiveChessVersion "1.4.8"]

1. e4 {[%clk 1:30:53]} c5 {[%clk 1:30:53]} 2. Nf3 {[%clk 1:31:18]} Nc6
{[%clk 1:31:18]} 3. Bb5 {[%clk 1:31:43]} e6 {[%clk 1:31:42]} 4. Bxc6
{[%clk 1:32:03]} bxc6 {[%clk 1:32:06]} 5. O-O {[%clk 1:27:47]} d5
{[%clk 1:28:10]} 6. d3 {[%clk 1:26:44]} Nf6 {[%clk 1:27:23]} 7. Nc3
{[%clk 1:26:13]} Be7 {[%clk 1:26:05]} 8. b3 {[%clk 1:21:53]} O-O {[%clk 1:23:59]}
9. Bb2 {[%clk 1:21:31]} Ba6 {[%clk 1:20:51]} 10. Re1 {[%clk 1:18:01]} Qc7
{[%clk 1:13:48]} 11. e5 {[%clk 1:03:20]} Nd7 {[%clk 1:13:42]} 12. Ne2
{[%clk 1:01:31]} Nb6 {[%clk 1:12:24]} 13. Ng3 {[%clk 0:56:32]} Rab8
{[%clk 1:08:04]} 14. Qc1 {[%clk 0:51:22]} Rfd8 {[%clk 1:00:20]} 15. Qf4
{[%clk 0:47:20]} h6 {[%clk 0:50:37]} 16. Nh5 {[%clk 0:40:35]} Bf8
{[%clk 0:45:46]} 17. Bc1 {[%clk 0:36:46]} Kh8 {[%clk 0:43:47]} 18. g4
{[%clk 0:30:17]} d4 {[%clk 0:32:55]} 19. g5 {[%clk 0:17:56]} g6 {[%clk 0:29:04]}
20. Nf6 {[%clk 0:11:57]} h5 {[%clk 0:28:00]} 21. Nd2 {[%clk 0:08:54]} Nd5
{[%clk 0:20:53]} 22. Qg3 {[%clk 0:07:58]} Nxf6 {[%clk 0:19:23]} 23. gxf6
{[%clk 0:08:16]} Qa5 {[%clk 0:15:54]} 24. Nf3 {[%clk 0:07:06]} Qc3
{[%clk 0:13:42]} 25. Bg5 {[%clk 0:05:18]} Qxc2 {[%clk 0:10:07]} 26. Qf4
{[%clk 0:05:29]} Qxd3 {[%clk 0:09:06]} 27. Bh6 {[%clk 0:05:37]} Qf5
{[%clk 0:09:10]} 28. Qd2 {[%clk 0:04:16]} Qg4+ {[%clk 0:09:18]} 29. Kh1
{[%clk 0:04:35]} Qxf3+ {[%clk 0:09:42]} 30. Kg1 {[%clk 0:05:02]} Qg4+
{[%clk 0:07:51]} 31. Kh1 {[%clk 0:05:26]} g5 {[%clk 0:05:56]} 32. Bxg5
{[%clk 0:05:25]} Qf3+ {[%clk 0:05:58]} 33. Kg1 {[%clk 0:05:50]} Bd3
{[%clk 0:06:02]} 34. Bh6 {[%clk 0:03:37]} Qg4+ {[%clk 0:06:26]} 35. Kh1
{[%clk 0:03:52]} Be4+ {[%clk 0:06:44]} 36. Rxe4 {[%clk 0:04:16]} Qxe4+
{[%clk 0:07:05]} 37. Kg1 {[%clk 0:04:40]} Qg6+ {[%clk 0:07:29]} 0-1

[Event "EYCC 2024 - G12"]
[Site "?"]
[Date "2024.08.31"]
[Round "9.11"]
[White "Alcantara, Levanah"]
[Black "Berezovskii, Arina"]
[Result "1/2-1/2"]
[BlackElo "1647"]
[WhiteElo "1807"]
[LiveChessVersion "1.4.8"]

1. d4 {[%clk 1:30:57]} Nf6 {[%clk 1:30:56]} 2. c4 {[%clk 1:31:20]} e6
{[%clk 1:31:23]} 3. Nc3 {[%clk 1:31:45]} Bb4 {[%clk 1:31:50]} 4. Qc2
{[%clk 1:32:11]} O-O {[%clk 1:32:15]} 5. e4 {[%clk 1:32:36]} d5 {[%clk 1:32:40]}
6. e5 {[%clk 1:33:00]} Ne4 {[%clk 1:33:06]} 7. Bd3 {[%clk 1:33:23]} c5
{[%clk 1:33:11]} 8. Nf3 {[%clk 1:33:41]} cxd4 {[%clk 1:33:23]} 9. Nxd4
{[%clk 1:34:04]} Nd7 {[%clk 1:33:36]} 10. Bxe4 {[%clk 1:34:12]} dxe4
{[%clk 1:33:42]} 11. Qxe4 {[%clk 1:34:26]} Qa5 {[%clk 1:33:35]} 12. O-O
{[%clk 1:34:44]} Bxc3 {[%clk 1:32:20]} 13. bxc3 {[%clk 1:35:07]} Qxe5
{[%clk 1:30:33]} 14. Qh4 {[%clk 1:35:22]} h6 {[%clk 1:11:51]} 15. Ba3
{[%clk 1:30:58]} Nc5 {[%clk 1:00:39]} 16. Rfe1 {[%clk 1:24:17]} Qc7
{[%clk 0:59:35]} 17. Nb5 {[%clk 1:23:43]} Qc6 {[%clk 0:57:52]} 18. Rad1
{[%clk 1:22:32]} b6 {[%clk 0:47:23]} 19. Rd6 {[%clk 1:16:35]} Qb7
{[%clk 0:46:55]} 20. Red1 {[%clk 1:10:33]} Bd7 {[%clk 0:32:53]} 21. Qd4
{[%clk 1:06:13]} Bxb5 {[%clk 0:26:19]} 22. cxb5 {[%clk 1:05:40]} Rac8
{[%clk 0:20:48]} 23. c4 {[%clk 1:01:43]} Rfe8 {[%clk 0:16:08]} 24. Bb2
{[%clk 0:57:58]} e5 {[%clk 0:12:16]} 25. Qg4 {[%clk 0:53:41]} Qe4
{[%clk 0:09:40]} 26. Qg3 {[%clk 0:50:42]} Kh7 {[%clk 0:07:42]} 27. h4
{[%clk 0:43:49]} Na4 {[%clk 0:04:42]} 28. Ba3 {[%clk 0:41:45]} Rxc4
{[%clk 0:02:17]} 29. Rd7 {[%clk 0:40:34]} Rc3 {[%clk 0:01:41]} 30. f3
{[%clk 0:36:27]} Qe3+ {[%clk 0:01:18]} 31. Kh1 {[%clk 0:36:43]} Qf4
{[%clk 0:00:39]} 32. Qxf4 {[%clk 0:36:00]} exf4 {[%clk 0:01:07]} 33. Bb4
{[%clk 0:34:50]} Rc4 {[%clk 0:00:40]} 34. a3 {[%clk 0:34:32]} Nc5
{[%clk 0:00:35]} 35. Rxf7 {[%clk 0:31:57]} a5 {[%clk 0:00:37]} 36. Bxc5
{[%clk 0:31:04]} Rxc5 {[%clk 0:00:55]} 37. Rdd7 {[%clk 0:30:13]} Rg8
{[%clk 0:00:45]} 38. a4 {[%clk 0:29:15]} Rc4 {[%clk 0:00:49]} 39. Rd6
{[%clk 0:29:24]} Rxa4 {[%clk 0:00:43]} 40. Rxb6 {[%clk 0:29:29]} Rb4
{[%clk 0:00:36]} 41. Ra7 {[%clk 0:29:23]} a4 {[%clk 0:00:37]} 42. h5
{[%clk 0:28:51]} Rb1+ {[%clk 0:00:35]} 43. Kh2 {[%clk 0:29:07]} Rb4
{[%clk 0:01:01]} 44. Rbb7 {[%clk 0:29:19]} Kh8 {[%clk 0:01:04]} 45. Kh3
{[%clk 0:29:31]} Rd8 {[%clk 0:00:33]} 46. b6 {[%clk 0:28:16]} Rd5
{[%clk 0:00:35]} 47. g4 {[%clk 0:22:35]} fxg3 {[%clk 0:00:51]} 48. Kxg3
{[%clk 0:22:26]} Rxh5 {[%clk 0:00:50]} 49. Rxg7 {[%clk 0:19:04]} Rxb6
{[%clk 0:00:33]} 1/2-1/2

[Event "EYCC 2024 - G12"]
[Site "?"]
[Date "2024.08.31"]
[Round "9.12"]
[White "Mirzaliyeva, Fatima Eldar"]
[Black "Gruszecka, Alicja"]
[Result "1/2-1/2"]
[BlackElo "1781"]
[WhiteElo "1604"]
[LiveChessVersion "1.4.8"]

1. e4 {[%clk 1:30:57]} e5 {[%clk 1:30:59]} 2. Nf3 {[%clk 1:31:20]} Nc6
{[%clk 1:31:26]} 3. Bb5 {[%clk 1:31:45]} f5 {[%clk 1:31:51]} 4. d3
{[%clk 1:32:11]} fxe4 {[%clk 1:31:58]} 5. dxe4 {[%clk 1:32:38]} Nf6
{[%clk 1:32:02]} 6. O-O {[%clk 1:33:01]} Bc5 {[%clk 1:32:20]} 7. Bxc6
{[%clk 1:33:21]} bxc6 {[%clk 1:32:42]} 8. Nxe5 {[%clk 1:33:45]} O-O
{[%clk 1:32:32]} 9. Nc3 {[%clk 1:33:57]} Ba6 {[%clk 1:32:13]} 10. Nd3
{[%clk 1:34:10]} Bd4 {[%clk 1:25:59]} 11. Qe2 {[%clk 1:22:59]} Re8
{[%clk 1:22:58]} 12. Be3 {[%clk 1:20:46]} Bxc3 {[%clk 1:20:34]} 13. bxc3
{[%clk 1:21:02]} Nxe4 {[%clk 1:19:28]} 14. Qg4 {[%clk 1:11:34]} d6
{[%clk 1:08:07]} 15. Bd4 {[%clk 1:05:15]} Qg5 {[%clk 1:05:54]} 16. Qxg5
{[%clk 1:03:21]} Nxg5 {[%clk 1:06:19]} 17. f3 {[%clk 1:02:20]} c5
{[%clk 1:04:14]} 18. Bf2 {[%clk 1:02:40]} Re2 {[%clk 1:02:36]} 19. Rfc1
{[%clk 1:02:50]} c6 {[%clk 0:53:56]} 20. Nf4 {[%clk 1:01:40]} Ree8
{[%clk 0:53:08]} 21. Rd1 {[%clk 0:59:52]} Nf7 {[%clk 0:51:50]} 22. Rab1
{[%clk 0:58:52]} g5 {[%clk 0:48:10]} 23. Nh5 {[%clk 0:59:00]} Re6
{[%clk 0:46:08]} 24. Re1 {[%clk 0:57:36]} Rh6 {[%clk 0:43:06]} 25. Ng3
{[%clk 0:55:55]} Kf8 {[%clk 0:36:46]} 26. a4 {[%clk 0:55:03]} Rf6
{[%clk 0:36:13]} 27. Ne4 {[%clk 0:54:15]} Re6 {[%clk 0:35:41]} 28. Bg3
{[%clk 0:53:09]} Rae8 {[%clk 0:33:25]} 29. Red1 {[%clk 0:47:35]} Ke7
{[%clk 0:32:10]} 30. Rd2 {[%clk 0:39:54]} Rd8 {[%clk 0:27:29]} 31. Rbd1
{[%clk 0:32:49]} Bc4 {[%clk 0:26:02]} 32. Rb1 {[%clk 0:28:23]} Ba6
{[%clk 0:21:19]} 33. Kf2 {[%clk 0:28:10]} h6 {[%clk 0:20:48]} 34. Rb2
{[%clk 0:26:10]} Ne5 {[%clk 0:20:09]} 35. Bxe5 {[%clk 0:23:04]} Rxe5
{[%clk 0:20:24]} 36. Rd1 {[%clk 0:22:24]} Rd5 {[%clk 0:16:54]} 37. Rdb1
{[%clk 0:21:16]} c4 {[%clk 0:15:56]} 38. Rb4 {[%clk 0:19:18]} Ra5
{[%clk 0:15:36]} 39. Re1 {[%clk 0:15:40]} Re5 {[%clk 0:15:14]} 40. Rd1
{[%clk 0:13:59]} Ra5 {[%clk 0:13:55]} 41. Re1 {[%clk 0:12:13]} Kf7
{[%clk 0:13:02]} 42. Rd1 {[%clk 0:08:59]} Ke6 {[%clk 0:12:28]} 43. Re1
{[%clk 0:08:54]} Re5 {[%clk 0:11:20]} 44. Rbb1 {[%clk 0:07:32]} Kd7
{[%clk 0:10:31]} 45. Rbd1 {[%clk 0:07:16]} Kc7 {[%clk 0:09:53]} 46. Rb1
{[%clk 0:05:21]} Rde8 {[%clk 0:09:31]} 47. Nf6 {[%clk 0:03:53]} Rxe1
{[%clk 0:08:45]} 48. Rxe1 {[%clk 0:04:16]} Rxe1 {[%clk 0:09:05]} 49. Kxe1
{[%clk 0:04:41]} Bc8 {[%clk 0:07:51]} 50. Ne8+ {[%clk 0:04:48]} Kd7
{[%clk 0:07:52]} 51. Nf6+ {[%clk 0:04:20]} Ke6 {[%clk 0:08:04]} 52. Ne4
{[%clk 0:04:29]} a5 {[%clk 0:07:15]} 53. Nd2 {[%clk 0:02:16]} d5 {[%clk 0:06:23]}
54. Nb1 {[%clk 0:02:12]} Bd7 {[%clk 0:05:28]} 55. Na3 {[%clk 0:02:20]} Ke5
{[%clk 0:05:10]} 56. g3 {[%clk 0:02:11]} h5 {[%clk 0:02:47]} 57. Ke2
{[%clk 0:01:39]} g4 {[%clk 0:02:36]} 58. Ke3 {[%clk 0:00:53]} gxf3
{[%clk 0:02:39]} 59. Kxf3 {[%clk 0:01:17]} Kf5 {[%clk 0:01:35]} 60. h3
{[%clk 0:00:55]} Kg5 {[%clk 0:01:05]} 61. g4 {[%clk 0:00:33]} hxg4+
{[%clk 0:01:01]} 62. hxg4 {[%clk 0:01:00]} Bxg4+ {[%clk 0:01:19]} 63. Ke3
{[%clk 0:01:25]} c5 {[%clk 0:01:42]} 64. Kd2 {[%clk 0:01:21]} Bd7
{[%clk 0:01:14]} 65. Nb5 {[%clk 0:01:33]} Kf5 {[%clk 0:00:49]} 66. Nd6+
{[%clk 0:01:51]} Ke5 {[%clk 0:01:07]} 67. Nb7 {[%clk 0:02:14]} Bxa4
{[%clk 0:01:25]} 68. Nxa5 {[%clk 0:02:40]} Kd6 {[%clk 0:00:46]} 69. Nb7+
{[%clk 0:03:07]} Kc6 {[%clk 0:00:52]} 70. Nd8+ {[%clk 0:03:33]} Kc7
{[%clk 0:00:56]} 71. Ne6+ {[%clk 0:03:56]} Kd6 {[%clk 0:01:14]} 72. Nf4
{[%clk 0:04:16]} Bd7 {[%clk 0:01:14]} 73. Ne2 {[%clk 0:04:23]} Ke5
{[%clk 0:01:25]} 74. Ng3 {[%clk 0:04:34]} Bg4 {[%clk 0:01:12]} 75. Nf1
{[%clk 0:03:34]} Kf4 {[%clk 0:01:09]} 76. Ne3 {[%clk 0:02:59]} Be6
{[%clk 0:00:54]} 77. Nd1 {[%clk 0:02:31]} Ke4 {[%clk 0:00:49]} 78. Nb2
{[%clk 0:02:40]} d4 {[%clk 0:00:52]} 79. Na4 {[%clk 0:03:00]} Kd5
{[%clk 0:01:04]} 80. Nb6+ {[%clk 0:03:05]} Kc6 {[%clk 0:01:29]} 81. Na4
{[%clk 0:03:18]} Bd7 {[%clk 0:01:21]} 82. Nb2 {[%clk 0:03:36]} Kd5
{[%clk 0:01:39]} 83. cxd4 {[%clk 0:03:51]} cxd4 {[%clk 0:01:48]} 84. c3
{[%clk 0:04:19]} d3 {[%clk 0:01:21]} 85. Nxd3 {[%clk 0:04:42]} cxd3
{[%clk 0:01:43]} 86. Kxd3 {[%clk 0:05:08]} 1/2-1/2

[Event "EYCC 2024 - G12"]
[Site "?"]
[Date "2024.08.31"]
[Round "9.13"]
[White "Savchenko, Iryna"]
[Black "Alfaro Aldunate, Amaya"]
[Result "1-0"]
[BlackElo "1725"]
[WhiteElo "1453"]
[LiveChessVersion "1.4.8"]

1. e4 {[%clk 1:30:59]} c5 {[%clk 1:30:54]} 2. Nc3 {[%clk 1:31:25]} Nc6
{[%clk 1:31:03]} 3. g3 {[%clk 1:31:49]} g6 {[%clk 1:31:15]} 4. Bg2
{[%clk 1:32:13]} Bg7 {[%clk 1:31:13]} 5. d3 {[%clk 1:32:38]} Nf6 {[%clk 1:30:59]}
6. f4 {[%clk 1:33:00]} d6 {[%clk 1:30:50]} 7. Nf3 {[%clk 1:33:12]} Qc7
{[%clk 1:29:27]} 8. O-O {[%clk 1:33:30]} O-O {[%clk 1:29:32]} 9. h3
{[%clk 1:28:30]} a6 {[%clk 1:25:56]} 10. Be3 {[%clk 1:27:49]} b5 {[%clk 1:24:46]}
11. g4 {[%clk 1:25:57]} b4 {[%clk 1:21:59]} 12. Ne2 {[%clk 1:25:49]} a5
{[%clk 1:18:17]} 13. Ng3 {[%clk 1:24:32]} a4 {[%clk 1:13:51]} 14. c4
{[%clk 1:19:06]} bxc3 {[%clk 1:06:32]} 15. bxc3 {[%clk 1:18:53]} Ba6
{[%clk 1:05:29]} 16. Rf2 {[%clk 1:14:23]} Qa5 {[%clk 0:58:56]} 17. Rc1
{[%clk 1:10:44]} d5 {[%clk 0:51:41]} 18. e5 {[%clk 1:09:16]} Nd7 {[%clk 0:52:03]}
19. Nd2 {[%clk 0:47:31]} Nb6 {[%clk 0:36:32]} 20. Nf3 {[%clk 0:43:18]} e6
{[%clk 0:34:58]} 21. Bd2 {[%clk 0:43:00]} a3 {[%clk 0:30:58]} 22. Bf1
{[%clk 0:33:13]} c4 {[%clk 0:27:28]} 23. d4 {[%clk 0:32:45]} Na4 {[%clk 0:25:22]}
24. Rb1 {[%clk 0:26:38]} Rfb8 {[%clk 0:22:35]} 25. f5 {[%clk 0:25:53]} Rb2
{[%clk 0:19:57]} 26. Ra1 {[%clk 0:13:35]} Rab8 {[%clk 0:13:03]} 27. Qc1
{[%clk 0:05:43]} Qc7 {[%clk 0:07:54]} 28. f6 {[%clk 0:04:26]} Bf8
{[%clk 0:07:13]} 29. Nh5 {[%clk 0:01:11]} Qd8 {[%clk 0:04:14]} 30. Ng3
{[%clk 0:01:40]} Bb5 {[%clk 0:03:39]} 31. h4 {[%clk 0:01:58]} h6 {[%clk 0:02:43]}
32. Bxh6 {[%clk 0:01:44]} Bxh6 {[%clk 0:03:12]} 33. Qxh6 {[%clk 0:02:12]} Qf8
{[%clk 0:03:42]} 34. Qe3 {[%clk 0:01:35]} Rxf2 {[%clk 0:02:24]} 35. Kxf2
{[%clk 0:01:59]} Ba6 {[%clk 0:02:29]} 36. h5 {[%clk 0:01:56]} Rb2+
{[%clk 0:02:50]} 37. Be2 {[%clk 0:02:15]} Rc2 {[%clk 0:02:15]} 38. Qg5
{[%clk 0:02:03]} Kh7 {[%clk 0:01:14]} 39. hxg6+ {[%clk 0:02:15]} fxg6
{[%clk 0:01:41]} 40. Rh1+ {[%clk 0:02:43]} Kg8 {[%clk 0:02:00]} 41. Qxg6+
{[%clk 0:03:10]} 1-0

[Event "EYCC 2024 - G12"]
[Site "?"]
[Date "2024.08.31"]
[Round "9.14"]
[White "Hakobyan, Mane"]
[Black "Benhadid, Jeilynn"]
[Result "1/2-1/2"]
[BlackElo "1879"]
[WhiteElo "1522"]
[LiveChessVersion "1.4.8"]

1. e4 {[%clk 1:30:58]} c5 {[%clk 1:30:51]} 2. Nf3 {[%clk 1:31:23]} Nc6
{[%clk 1:31:12]} 3. d4 {[%clk 1:31:45]} cxd4 {[%clk 1:31:35]} 4. Nxd4
{[%clk 1:32:11]} g6 {[%clk 1:31:56]} 5. Nc3 {[%clk 1:32:34]} Bg7 {[%clk 1:32:18]}
6. Be3 {[%clk 1:32:57]} Nf6 {[%clk 1:32:37]} 7. Bc4 {[%clk 1:33:15]} Qa5
{[%clk 1:32:50]} 8. O-O {[%clk 1:33:25]} O-O {[%clk 1:33:06]} 9. h3
{[%clk 1:33:35]} d6 {[%clk 1:32:01]} 10. Re1 {[%clk 1:33:49]} Bd7
{[%clk 1:30:27]} 11. Bf1 {[%clk 1:28:41]} Rac8 {[%clk 1:26:59]} 12. Nb3
{[%clk 1:24:46]} Qd8 {[%clk 1:26:32]} 13. Qd2 {[%clk 1:18:29]} a6 14. Bh6
{[%clk 1:15:42]} Ne5 {[%clk 1:16:26]} 15. Bxg7 {[%clk 1:13:56]} Kxg7
{[%clk 1:16:39]} 16. Rad1 {[%clk 1:09:09]} Nc4 {[%clk 1:02:36]} 17. Qc1
{[%clk 1:03:43]} b5 {[%clk 0:56:34]} 18. Nd5 {[%clk 0:59:17]} Nxd5
{[%clk 0:41:11]} 19. exd5 {[%clk 0:57:12]} Ne5 {[%clk 0:40:57]} 20. c3
{[%clk 0:51:28]} Qb6 {[%clk 0:38:54]} 21. Qe3 {[%clk 0:46:48]} Qxe3
{[%clk 0:32:09]} 22. Rxe3 {[%clk 0:47:03]} Rfe8 {[%clk 0:29:20]} 23. Rde1
{[%clk 0:42:46]} Kf8 {[%clk 0:25:48]} 24. Bd3 {[%clk 0:40:36]} Rc7
{[%clk 0:18:56]} 25. Nd4 {[%clk 0:38:08]} Rc5 {[%clk 0:17:49]} 26. Nb3
{[%clk 0:33:58]} Rc7 {[%clk 0:17:50]} 27. f4 {[%clk 0:32:46]} Nc4
{[%clk 0:16:43]} 28. R3e2 {[%clk 0:31:33]} Nb6 {[%clk 0:16:22]} 29. Be4
{[%clk 0:31:22]} Nc4 {[%clk 0:15:15]} 30. Kf2 {[%clk 0:29:43]} Bc8
{[%clk 0:14:15]} 31. g4 {[%clk 0:28:13]} Bb7 {[%clk 0:14:00]} 32. Rd1
{[%clk 0:26:29]} Nb6 {[%clk 0:13:47]} 33. Na5 {[%clk 0:26:17]} Nd7
{[%clk 0:13:31]} 34. Nxb7 {[%clk 0:25:55]} Rxb7 {[%clk 0:13:56]} 35. Bf3
{[%clk 0:25:50]} Rc7 {[%clk 0:13:08]} 1/2-1/2

[Event "EYCC 2024 - G12"]
[Site "?"]
[Date "2024.08.31"]
[Round "9.16"]
[White "Schirmbeck, Lilian"]
[Black "Xynidi, Areti"]
[Result "1/2-1/2"]
[BlackElo "1672"]
[WhiteElo "1786"]
[LiveChessVersion "1.4.8"]

1. d4 {[%clk 1:30:55]} d5 {[%clk 1:30:54]} 2. Nf3 {[%clk 1:31:13]} e6
{[%clk 1:31:10]} 3. g3 {[%clk 1:31:13]} Nf6 {[%clk 1:31:32]} 4. c4
{[%clk 1:31:02]} h6 {[%clk 1:31:55]} 5. Bg2 {[%clk 1:29:40]} Bd6 {[%clk 1:30:58]}
6. O-O {[%clk 1:27:53]} O-O {[%clk 1:30:46]} 7. Nc3 {[%clk 1:26:21]} Nc6
{[%clk 1:30:26]} 8. b3 {[%clk 1:17:37]} Re8 {[%clk 1:30:05]} 9. Bb2
{[%clk 1:13:42]} dxc4 {[%clk 1:30:13]} 10. bxc4 {[%clk 1:12:27]} e5
{[%clk 1:30:25]} 11. d5 {[%clk 1:09:43]} Na5 {[%clk 1:30:16]} 12. Nd2
{[%clk 1:08:43]} b6 {[%clk 1:21:40]} 13. e4 {[%clk 1:02:44]} Nb7 {[%clk 1:20:33]}
14. Qc2 {[%clk 0:59:59]} Nc5 {[%clk 1:19:25]} 15. Rae1 {[%clk 0:59:05]} Bd7
{[%clk 1:11:53]} 16. f4 {[%clk 0:56:56]} c6 {[%clk 1:10:52]} 17. Nf3
{[%clk 0:53:08]} cxd5 {[%clk 1:00:40]} 18. fxe5 {[%clk 0:42:43]} dxe4
{[%clk 1:00:27]} 19. exf6 {[%clk 0:41:20]} exf3 {[%clk 0:59:41]} 20. Bxf3
{[%clk 0:40:40]} Bh3 {[%clk 0:57:05]} 21. Bxa8 {[%clk 0:32:19]} Bxf1
{[%clk 0:57:19]} 22. Rxf1 {[%clk 0:31:52]} Qxa8 {[%clk 0:55:40]} 23. Nd5
{[%clk 0:31:05]} g6 {[%clk 0:54:26]} 24. Qd2 {[%clk 0:29:00]} Bf8
{[%clk 0:53:14]} 25. Nf4 {[%clk 0:23:17]} Ne4 {[%clk 0:51:30]} 26. Qd3
{[%clk 0:20:59]} Bc5+ 27. Bd4 {[%clk 0:20:52]} Bxd4+ {[%clk 0:49:18]} 28. Qxd4
{[%clk 0:21:07]} Qd8 {[%clk 0:48:46]} 29. Nd5 {[%clk 0:20:39]} Nc5
{[%clk 0:46:39]} 30. Rd1 {[%clk 0:18:00]} Kh7 {[%clk 0:42:17]} 31. Qg4
{[%clk 0:14:04]} Qc8 {[%clk 0:41:57]} 32. Qxc8 {[%clk 0:12:07]} Rxc8
{[%clk 0:41:22]} 33. Ne7 {[%clk 0:12:14]} Re8 {[%clk 0:40:39]} 34. Rd6
{[%clk 0:10:22]} Ne4 {[%clk 0:38:50]} 35. Rd7 {[%clk 0:09:41]} Nxf6
{[%clk 0:38:22]} 36. Rxa7 {[%clk 0:09:46]} Kg7 {[%clk 0:38:10]} 1/2-1/2